| 000 | 00000nam##2200000za#4500 |
| 001 | 9.602574 |
| 003 | CaOODSP |
| 005 | 20210624210635 |
| 007 | cr ||||||||||| |
| 008 | 150406|1992||||xxc|||||o f|0| 0 fre|d |
| 040 | |aCaOODSP|bfre |
| 043 | |an-cn--- |
| 086 | 1 |aJS5-1/4-1992F-PDF |
| 110 | 1 |aCanada. |bSolliciteur général Canada. |
| 245 | 13|aLa surreprésentation des autochtones dans les établissements correctionnels et ses répercussions sur la prévention du crime / |h[ressource électronique]|c[par] Carol LaPrairie. |
| 260 | |bSolliciteur général Canada |c1992. |
| 300 | |a36p.|bréférences, tableaux |
| 490 | 1 |aCollection sur les Autochtones|vCA 4 APC |
| 500 | |aLe n° de catalogue (JS5-1/4-1992) et l'ISBN (0-662-59378-2) de l'édition imprimée bilingue ont été incorrectement copiés dans l'édition électronique. |
| 590 | |a11-26-Supp|b2011-11-03 |
| 720 | 1 |aLaPrairie, Carol |
| 775 | 08|tDimensions of Aboriginal over-representation in correctional institutions and implications for crime prevention / |w(CaOODSP)9.572163 |
| 830 | #0|aCollection sur les autochtones ;|vCA 4 APC|w(CaOODSP)9.501991 |
| 856 | 40|ahttp://publications.gc.ca|qPDF|s127 Ko|uhttps://publications.gc.ca/collections/collection_2011/sp-ps/JS5-1-4-1992-fra.pdf|yCA 4 APC |